FoxPro 2.0 : příkazy a funkce dle oblastí /

Hlavní autor: Vágner, Josef
Jazyk: Čeština
Vydáno: Praha : GComp, 1992
Vydání: 1. vyd.
Edice: Do kapsy (GComp)
Témata:
Fyzický popis: 97 s.
Knihy
Uloženo v:
LEADER 01428nam a22003972a 4500
001 000115515
003 CZ BrMZK
005 20260206090823.0
007 ta
008 021001s1992 xr e f |||| 0 cze d
015 |a cnb000076692 
035 |a (OCoLC)39580664 
040 |a BOA001  |b cze 
072 7 |a 004.4/.6  |x Programování. Software  |2 Konspekt  |9 23 
080 |a 004.42FoxPro  |2 MRF 
080 |a 004.65  |2 MRF 
080 |a (035)  |2 MRF 
100 1 |a Vágner, Josef  |7 jn19981002374  |4 aut 
245 1 0 |a FoxPro 2.0 :  |b příkazy a funkce dle oblastí /  |c Josef Vágner 
250 |a 1. vyd. 
260 |a Praha :  |b GComp,  |c 1992 
300 |a 97 s. 
490 1 |a Do kapsy ;  |v sv.2 
650 0 7 |a Microsoft FoxPro (software)  |7 ph117568  |2 czenas 
650 0 7 |a databázové systémy  |7 ph114296  |2 czenas 
650 0 9 |a Microsoft FoxPro (software)  |2 eczenas 
650 0 9 |a database management systems  |2 eczenas 
655 7 |a příručky  |7 fd133209  |2 czenas 
655 9 |a handbooks and manuals  |2 eczenas 
830 0 |a Do kapsy (GComp)  |0 s 
910 |a BOA001  |b TK-0251.457  |b 2-0990.334 
920 |a 000099895 
990 |a BK 
996 6 |b 2619987916  |c 2-0990.334  |l MZK  |r Sklad / do 1 hodiny  |n 2  |w 000115515  |u 000030  |a 1  |e BOA001  |j MZK50  |s P 
996 7 |b 2629967441  |c TK-0251.457  |l MZK  |r Sklad / do 24 hodin  |n 2  |w 000115515  |u 000020  |a 1  |e BOA001  |j MZK50  |s A 
996 7 |b 2629980780  |c TK-0251.457  |l MZK  |r Sklad / do 24 hodin  |n 0  |w 000115515  |u 000010  |a 1  |e BOA001  |j MZK50  |s A